000 00371nam a2200157Ia 4500
003 0STCL
008 150530s9999 xx 000 0 und d
040 _aSTCL
_cSTCL
100 _aSt.Thomas college
245 _aSelf study report of St.Thomas college Thrissur
260 _c2003
546 _aEnglish
942 _2ddc
_cBK
999 _c15162
_d15162
005 20220125165725.0